000
00145nam a22000857a 4500
082
_a
K760
245
_a
DRAGON BALL Z
300
_a
11P
942
_c
BK
999
_c
10535
_d
10535